Loading...
| History - European | 0 | 8 | 1 | 2 | 75 | 73 | 108.88 | 1 | 3 | 0.00 | 0.00 |
| History - American | 0 | 4 | 0 | 3 | 40 | 73 | 111.25 | 0 | 0 | 0.00 | 0.00 |
| History - Other | 0 | 4 | 0 | 1 | 40 | 56 | 65.00 | 0 | 2 | 0.00 | 0.00 |
| History - World | 0 | 4 | 0 | 1 | 40 | 104 | 122.25 | 0 | 1 | 0.00 | 0.00 |
| Mythology - Greco/Roman | 0 | 2 | 0 | 0 | 20 | 87 | 104.50 | 0 | 2 | 0.00 | 0.00 |
| Social Science - Anthropology | 0 | 1 | 0 | 1 | 10 | 130 | 130.00 | 0 | 0 | 0.00 | 0.00 |
| Literature - European long fiction | 0 | 1 | 0 | 0 | 10 | 114 | 114.00 | 0 | 0 | 0.00 | 0.00 |
| Mythology - Norse | 0 | 1 | 0 | 0 | 10 | 103 | 103.00 | 0 | 1 | 0.00 | 0.00 |
| Science - Biology | 0 | 1 | 0 | 1 | 10 | 126 | 126.00 | 0 | 1 | 0.00 | 0.00 |
| Art - Other | 0 | 0 | 1 | 0 | -5 | 0.00 | 0 | 0 | 0.00 | 0.00 |